| 000 | 00772nam a22002657a 4500 | ||
|---|---|---|---|
| 001 | BR7308094 | ||
| 003 | BR-BrBNA | ||
| 005 | 20240910095202.0 | ||
| 008 | 230509b bl.||||| |||| 00| 0 por d | ||
| 040 |
_aBR-BrBNA _bpor |
||
| 041 | _a(Por) | ||
| 072 | _aC00 | ||
| 090 |
_aC00 _bBR7308094 |
||
| 110 | 1 |
_aAssociação de Credito e Assistência Rural do Estado do Para, Belém _9493 |
|
| 245 | 1 | _aProjeto especial de treinamento em preservação de recursos naturais / | |
| 260 | 3 |
_aBelem, PA (Brasil): _c1973. |
|
| 300 | _a17 p. | ||
| 500 | _a5 tables; Summaries (Eng, Por) | ||
| 650 | _aExtensão rural | ||
| 650 | _aTreinamento | ||
| 650 | _aRecurso natural | ||
| 909 |
_a09/2024 _bSARAH |
||
| 942 | _cBK | ||
| 999 |
_c17120 _d17120 |
||